[Event "6th Vardaris Open 2020"]
[Site "Thessaloniki"]
[Date "2020.02.27"]
[Round "1.11"]
[White "Stoinev, Metodi"]
[Black "Trimitzios, Petros"]
[Result "1/2-1/2"]
[WhiteElo "2206"]
[BlackElo "2353"]
[Annotator "TA"]
[PlyCount "175"]
[EventDate "2020.02.27"]
[EventType "swiss"]
[EventCountry "GRE"]
[SourceTitle "playchess.com"]
[Source "ChessBase"]
[SourceQuality "1"]

{[%evp 13,175,6,4,-7,10,9,30,10,31,26,34,14,14,14,40,20,23,6,3,10,8,0,0,0,2,0,0,-16,-2,-7,-9,-9,0,-9,-9,-9,-9,-26,-10,-19,-18,-21,0,-21,-8,-13,-12,-21,-20,-27,-20,-28,-20,-20,-20,-20,-20,-20,-12,-12,-12,-12,-12,-12,0,-12,-12,-12,-12,-12,28,-12,-12,-12,-12,-12,-12,-19,6,-14,0,-54,61,8,8,8,17,21,67,73,80,0,0,0,139,45,52,30,154,149,231,68,57,60,491,-595,182,195,201,186,311,0,0,-107,-118,-168,-162,-168,-168,-166,-166,-162,-144,-257,-251,-384,-349,-570,-562,-609,-598,-584,-584,-550,-178,-584,-584,-580,-436,-4710,-5018,-5185,-5119,-29952,-29944,-5197,-83,-6095,0,0,0,-29977,-29978,-29978,0,0,0,0,0,0,0,0,0,0]} 1. e4 e5 2. Nf3 Nc6 3. Nc3 Nf6 4. Bb5 Bb4 5. O-O O-O 6. Bxc6 dxc6 7. d3 Re8 8. Ne2 {C49: Four Knights: 4 Bb5 Bb4.} Bd6 9. Ng3 h6 10. h3 {White has an edge.} c5 {[#]} 11. a4 $146 ({Predecessor:} 11. Nh2 Be6 12. Kh1 c4 13. f4 exf4 14. Bxf4 Bxf4 15. Rxf4 cxd3 16. cxd3 Qd4 17. Qf3 {½-½ (31) Andric,D-Germek,M Sarajevo 1951}) 11... Be6 12. b3 Nd7 13. Bb2 Kh7 14. Kh1 Qe7 15. Nd2 Nb8 16. Nc4 Nc6 17. Nxd6 cxd6 18. f4 f6 19. fxe5 dxe5 20. Nf5 Bxf5 21. Rxf5 Nd4 22. Rf2 Qf7 23. Qf1 Rac8 24. Re1 Re6 25. Re3 Kg8 26. Qd1 Rc7 27. Rg3 Kf8 28. Bc1 Ke8 29. Be3 {Threatening c3.} Rd6 30. Qg4 Kd8 31. Qh4 Kc8 32. Qg4+ Rcd7 33. Kh2 b6 34. Bc1 Kb7 35. Re3 Rc7 36. Qd1 Qd7 37. Re1 Ne6 38. Qe2 Nd4 39. Qf1 Qe6 40. Be3 Rf7 41. Rb1 Rc7 42. Qc1 (42. a5 $5) 42... Rdd7 43. Qb2 Qd6 44. Kh1 Rf7 45. Rd1 Rcd7 46. Rfd2 f5 47. c3 (47. exf5 $11 Rxf5 48. Rf2) 47... Ne6 ({Black should try} 47... f4 $1 $15 48. cxd4 fxe3 49. dxc5 Qxc5) 48. d4 ({White should play} 48. exf5 $14 Rxf5 49. d4 exd4 50. cxd4) 48... cxd4 $11 49. cxd4 exd4 (49... f4 {looks sharper.} 50. dxe5 Qc6 51. Rxd7+ Rxd7 52. Rxd7+ Qxd7 53. Qd2 Qxd2 54. Bxd2 Nd4) 50. Bxd4 Qc6 51. exf5 $1 Rxf5 52. Be5 (52. Bg1 $16 Rxd2 53. Qxd2) 52... Rxd2 53. Rxd2 Rf1+ (53... Rxe5 $5 54. Qxe5 Qc1+ {[%mdl 64] Double Attack} 55. Kh2 Qxd2 56. Qxe6 Qd4 $11) 54. Kh2 Qc5 55. Re2 Qg1+ (55... Rd1 $11 56. Qc3 Qg1+ 57. Kg3 Nc5 58. Qf3+ Ka6) 56. Kg3 $16 {aiming for b4.} Rf5 (56... Rf7 $16) 57. Qc2 $2 ({Only move:} 57. Qd2 $1 $18 {[%cal Rd2d7]} Rg5+ 58. Kh4) 57... Rg5+ $14 58. Kh4 {White threatens Qe4+ and mate.} Nc5 $2 {[%mdl 8192]} (58... Qc5 $14 59. Qe4+ Qc6) 59. g4 $4 {[%mdl 8192]} (59. b4 Rxe5 60. bxc5 Qxc5 $17) (59. Qd2 $1 $18 Qb1 60. Qd5+ Ka6 61. Qc4+ Kb7 62. Qf7+ Ka6 63. Qc4+ Kb7 64. Bf4 Rh5+ {[%mdl 64] Decoy} 65. Kxh5 Qf5+ 66. Kh4 g5+ 67. Kg3 gxf4+ 68. Qxf4) 59... Qh1 $4 {[%mdl 8192]} (59... g6 $1 $19 {avoids the disaster.} 60. Rg2 (60. Bf4 $2 Rh5+ {[%mdl 64] Clearance} 61. gxh5 g5+ 62. Bxg5 hxg5#) 60... Qe1+ {[%mdl 64] Double Attack} 61. Qf2 (61. Bg3 $2 Qe7 $19) 61... Rxe5 62. Qxe1 Rxe1) 60. b4 $1 $18 {[%cal Rb4c5]} Qf3 61. Rf2 $1 {[%cal Rf2f3]} (61. bxc5 Rxe5 62. cxb6 (62. c6+ Kc7 $11) 62... g5+ 63. Kh5 Qf7+ 64. Kxh6 Qf6+ 65. Kh5 Qf7+ 66. Kh6 Qf6+ 67. Kh5 Qh8+ 68. Kg6 Qg8+ 69. Kh6 Qh8+ 70. Kg6 Qg8+ 71. Kh6 Qe6+ 72. Kh5 Qf7+ 73. Kh6 $11) 61... Qd5 (61... Qe3 {was worth a try.} 62. Rf7+ {[%mdl 64] Double Attack} Kc8) 62. bxc5 $2 (62. Bf4 $18 Qd8 63. Kg3 Qd3+ 64. Kh2 Qxc2 65. Rxc2) 62... Rxe5 {[%mdl 4096] Endgame KQR-KQR} 63. c6+ (63. cxb6 $11 {remains equal.} axb6 64. Qc3 (64. Rf8 Rh5+ 65. Kg3 Qd6+ 66. Kg2 Qxf8 $11)) 63... Kc7 $17 {Strongly threatening ...Re3.} 64. Qg6 Qd8+ 65. Kg3 Re3+ 66. Kh2 Qd6+ 67. Qxd6+ Kxd6 $19 {KR-KR} 68. Rf7 (68. c7 $17 Rc3 69. c8=B Rxc8 70. Kg2) 68... Re7 ({Weaker is} 68... Kxc6 69. Rxg7 a5 70. Rg6+ Kc5 71. Rxh6 $14) 69. Rf5 ({Wrong is} 69. Rxe7 $2 Kxe7 70. h4 Kd6 $19) (69. Rf8 $142) 69... Kxc6 70. g5 $2 (70. Rf8 {keeps fighting.} a5 71. Rc8+ Kb7 72. Rf8) 70... hxg5 71. Rxg5 a6 72. Kg3 b5 73. Rg6+ Kb7 $2 (73... Kc5 74. Rxa6 b4) 74. axb5 $2 (74. a5 {was the crucial defense.}) 74... axb5 75. Kf4 b4 76. h4 (76. Kf5 $142 Ka7 77. Kf4) 76... Ka7 $1 77. h5 b3 78. Kf5 Rb7 79. Rg1 b2 $2 (79... Ka6 $19 {and Black stays clearly on top.} 80. Kg6 Ka5) 80. Kg6 $2 {[%mdl 8192] [#]} (80. Rb1 $17) 80... Kb8 $2 (80... Kb6 $1 $19 {[%cal Rb6c5]} 81. Rb1 Kc5) 81. Rb1 $11 Kc8 82. Rxb2 $2 {[%mdl 8192]} (82. Kh7 $11) 82... Rxb2 83. Kxg7 {[#] KR-KP} Kd7 $2 (83... Rg2+ $1 {mates} 84. Kf6 Rh2 85. Kg5 Kd7 86. Kg6 Ke6 87. Kg5 Rh1 88. h6 Rh2 89. Kg4 Rxh6 90. Kf4 Rh4+ 91. Ke3 Kd5 92. Kf3 Re4 93. Kg3 Ke5 94. Kf3 Kf5 95. Kg3 Rf4 96. Kh3 Rf3+ 97. Kh2 Kg4 98. Kg2 Rf4 99. Kh1 Rf2 100. Kg1 Kg3 101. Kh1 Rf1#) 84. h6 {The position is equal.} Ke7 {( -> ...Rg2+)} 85. h7 Rg2+ 86. Kh8 Rh2 87. Kg7 {[#]} Rxh7+ $1 {[%mdl 512]} 88. Kxh7 {Accuracy: White = 64%, Black = 68%.} 1/2-1/2

[Event "6th Vardaris Open 2020"]
[Site "Thessaloniki"]
[Date "2020.02.27"]
[Round "1.12"]
[White "Gouloutis, Nikolaos"]
[Black "Tsaknakis, Zisis"]
[Result "1-0"]
[WhiteElo "2347"]
[BlackElo "2197"]
[Annotator "TA"]
[PlyCount "63"]
[EventDate "2020.02.27"]
[EventType "swiss"]
[EventCountry "GRE"]
[SourceTitle "playchess.com"]
[Source "ChessBase"]
[SourceQuality "1"]

{[%evp 12,63,0,-3,-1,-8,102,106,270,268,348,359,424,415,535,531,529,516,601,595,616,601,604,610,596,614,744,631,620,517,607,589,645,652,704,689,889,851,877,839,858,758,896,911,995,993,997,981,1085,1094,1052,1065,1047,1018]} 1. d4 Nf6 2. Nf3 g6 3. Bf4 Bg7 4. c3 O-O 5. Nbd2 d6 6. h3 Nbd7 7. e4 e5 {A48: 1 d4 Nf6 2 Nf3 g6: Torre, London and Colle Systems.} 8. dxe5 Nh5 (8... dxe5 $11 {remains equal.} 9. Bh2 (9. Nxe5 Re8 $15) 9... b6) 9. Bg5 $16 {[#]} Qe8 $146 {[#]} (9... f6 $16) ({Predecessor:} 9... f6 10. exf6 Nhxf6 11. Nd4 Qe8 12. Qb3+ d5 13. Bxf6 Nxf6 14. f3 Kh8 15. Qc2 dxe4 16. fxe4 {0-1 (30) Blazquez Gomez,J (2285)-Ballesteros Gonzalez,D (2070) Cala Galdana 1994}) 10. g4 $1 $18 h6 11. Be3 ({Less strong is} 11. gxh5 hxg5 12. exd6 (12. Nxg5 Nxe5 13. Rg1 Bh6 $16) 12... cxd6 $16) 11... dxe5 12. gxh5 f5 13. Bc4+ {White is clearly winning.} Kh8 14. exf5 gxf5 15. Nh4 Rf6 16. Qe2 b5 17. Bd5 c6 18. Bb3 Bb7 19. Ng6+ Kh7 20. f3 c5 21. Bc2 Qf7 22. Rg1 Re8 23. Nh4 Re7 24. Rg6 e4 25. fxe4 fxe4 26. Rxf6 Bxf6 27. Ng6 Re8 28. Qxb5 Ne5 29. O-O-O Nd3+ 30. Bxd3 exd3 31. Qxd3 {[#] And now Ne5+ would win.} c4 32. Nxc4 {Black did not feel at home in the position after the opening. Accuracy: White = 91%, Black = 31%.} 1-0

[Event "6th Vardaris Open 2020"]
[Site "Thessaloniki"]
[Date "2020.02.27"]
[Round "1.13"]
[White "Bolon, Karelle"]
[Black "Chatzieleftheriou, Andreas"]
[Result "0-1"]
[WhiteElo "1970"]
[BlackElo "2167"]
[Annotator "TA"]
[PlyCount "72"]
[EventDate "2020.02.27"]
[EventType "swiss"]
[EventCountry "GRE"]
[SourceTitle "playchess.com"]
[Source "ChessBase"]
[SourceQuality "1"]

{[%evp 10,72,19,27,33,2,0,-35,-22,-26,-17,-47,-41,-56,-58,-63,-44,-46,-21,-49,-49,-50,-46,-101,-8,-13,-9,-22,0,14,12,2,0,-107,-66,-66,-62,-71,-36,-93,-105,-86,-121,-151,-79,-226,-238,-237,-225,-218,-221,-207,-196,-190,-72,-81,425,421,396,0,0,-29992,-29993,-29995,-29996]} 1. d4 Nf6 2. Nf3 e6 3. c4 c5 4. d5 b5 5. dxe6 fxe6 6. cxb5 a6 {E10: Blumenfeld Gambit.} 7. bxa6 (7. e4 {feels hotter.} Nxe4 8. Bd3 Bb7 9. O-O axb5 10. Qc2) 7... Bxa6 8. e3 Bxf1 $1 {Black is slightly better.} 9. Kxf1 Nc6 10. g3 Be7 {[%mdl 1024] Black has compensation.} 11. Kg2 O-O 12. Nc3 {[#]} d5 $146 ({Predecessor:} 12... Ng4 13. Rf1 Qc7 14. e4 c4 15. Nb5 Qb7 16. a4 Nb4 17. h3 Nf6 18. e5 Ne4 {0-1 (30) Avetisyan,A (2121)-Petrosyan,M (2336) Yerevan 2014}) 13. Re1 Kh8 14. Ng5 Qd7 15. e4 {aiming for Nxe6!} d4 $36 {[%mdl 2048] White must now prevent ...h6. Black fights for an advantage.} 16. Nb5 (16. Na4 $15 h6 17. Nb6 {[%mdl 64] Double Attack}) 16... Nb4 ({Black should play} 16... c4 $1 $17 {next ...e5 is good for Black.} 17. a4 e5) 17. Na3 $1 $11 d3 18. Bd2 Rxa3 19. Bxb4 Ra6 20. Bc3 c4 21. h4 (21. Nf3 $11 {keeps the balance.}) 21... Bc5 $17 {Threatens to win with ...Bxf2!} 22. f4 Bd4 23. Qd2 Rfa8 24. a3 (24. Nf3 $15 Bxc3 25. Qxc3) 24... Bxc3 25. Qxc3 Rb6 26. Rab1 Rab8 ({Better is} 26... Rc8 $1 {And now ...Rb3 would win.} 27. Nf3 Rb3) 27. h5 (27. Nf3 $17 {is the only way for White.}) 27... h6 ({Don't do} 27... Nxh5 28. Qxc4 h6 29. Nf3 $17) 28. Nf3 Rb3 $1 {[%cal Rb3c3]} 29. Qxc4 Rxb2+ 30. Rxb2 Rxb2+ 31. Kh3 Qe8 ({Worse is} 31... Nxh5 32. Rd1 $11) (31... Rc2 $1 $19 32. Qd4 Qxd4 33. Nxd4 Rc4) 32. g4 {[#]} Nxh5 $2 {[%mdl 8192]} (32... Qb8 $1 $17 {[%cal Rb8f4]} 33. Qxe6 d2) 33. gxh5 $18 Qxh5+ 34. Nh4 $2 ({Only move:} 34. Kg3 $18) 34... d2 {[#]} 35. Qc8+ $2 {[%mdl 8192]} (35. Rd1 $1 $11 {[%mdl 512]}) 35... Kh7 36. Rg1 Rb3+ {[%mdl 64] Double Attack. Never resign too early! Accuracy: White = 54%, Black = 62%.} 0-1

[Event "6th Vardaris Open 2020"]
[Site "Thessaloniki"]
[Date "2020.02.27"]
[Round "1.14"]
[White "Andreev, Stanislav"]
[Black "Tsironis, Alexandros"]
[Result "0-1"]
[WhiteElo "2144"]
[BlackElo "1962"]
[Annotator "TA"]
[PlyCount "139"]
[EventDate "2020.02.27"]
[EventType "swiss"]
[EventCountry "GRE"]
[SourceTitle "playchess.com"]
[Source "ChessBase"]
[SourceQuality "1"]

{[%evp 11,139,32,58,40,34,44,64,39,74,59,52,64,137,147,114,18,87,72,87,94,114,82,105,50,89,35,45,50,129,0,82,-7,0,-9,48,-273,-261,-290,-273,-337,-165,-179,-154,-167,-127,-121,-116,-110,-102,-90,-56,-197,-194,-196,-203,-224,-187,-188,-185,-208,-212,-255,-202,-205,-147,-145,0,-214,-212,-180,-202,-200,-144,-254,-258,-266,-259,-296,-240,-351,-338,-404,-399,-381,-364,-398,-381,-703,-787,-763,-761,-815,-750,-1278,-1234,-1199,-1123,-1510,-1410,-2213,-1798,-1852,-1432,-1615,-1100,-760,0,-1434,0,-1523,-1202,-1025,-1090,-2083,-1930,-1310,-812,-5915,-1530,-2566,-2512,-5219,-2465,-2273,-2227,-12841,-12841,-12850,-12849,-12850]} 1. d4 Nf6 2. c4 g6 3. Nc3 Bg7 4. e4 d6 5. f3 O-O 6. Be3 Nfd7 7. Qd2 {E81: King's Indian: Sämisch: 6th move deviations (including 6 Be3 c6).} c5 8. d5 Ne5 9. h3 {White is slightly better.} f5 10. f4 Nf7 11. exf5 gxf5 (11... Bxf5 $14 12. Nge2 e5) 12. Bd3 $16 e5 {[#]} 13. g3 $146 (13. dxe6 $16 Bxe6 14. g4) ({Predecessor:} 13. Nge2 e4 14. Bc2 b5 15. Nxb5 Bxb2 16. Rb1 Bf6 17. g4 Bh4+ 18. Kd1 Nd7 19. Rg1 {0-1 (34) Winiarski,M (2209)-Bednarek,S (2340) Warsaw 2016}) 13... Na6 (13... Nd7 $11) 14. O-O-O Bd7 15. Nge2 Nc7 16. Rdg1 Kh8 17. Rg2 (17. g4 $16) 17... b5 18. Rhg1 (18. cxb5 $16 e4 19. Bc4) 18... Rb8 19. g4 exf4 (19... bxc4 $14 20. Bc2 Rg8) 20. Bxf4 (20. Nxf4 $16 bxc4 21. gxf5 cxd3 22. Rxg7 Bxf5 23. Qg2) 20... Ne5 (20... bxc4 $11 {remains equal.} 21. Bc2 Qe7) 21. Bxe5 (21. gxf5 $16 bxc4 22. Be4) 21... Bxe5 $11 22. gxf5 bxc4 (22... Bxf5 $11 23. cxb5 Qh4) 23. Bb1 $2 {[%mdl 8192]} (23. Nf4 $1 $14 {was the only good move.} Bxf4 24. Qxf4) 23... Bxf5 $19 24. Bxf5 Rxf5 25. Qh6 {[#] Strongly threatening Rg7!} Qf8 (25... Qe7 $142 {Threatens to win with ...Nxd5!} 26. Kb1 Qf7) 26. Qxf8+ Rbxf8 27. Rg4 Rf1+ 28. Rxf1 Rxf1+ 29. Kd2 Rf3 30. h4 Rd3+ 31. Ke1 ({White should try} 31. Kc2 $15) 31... Nxd5 32. Rxc4 Nxc3 33. bxc3 {[%mdl 4096] Endgame KRB-KRN} Rf3 34. Ra4 {[#]} Rf7 $1 35. Rg4 Rg7 36. Re4 Rb7 37. Rg4 Rb2 38. Ra4 Rb7 (38... Kg7 $17 39. Rxa7+ Kg6) 39. Rg4 $1 Re7 40. Kd2 Rg7 41. Re4 Rb7 42. Rg4 (42. Ra4 $17) 42... Rb2+ 43. Kd3 Rxa2 44. h5 Ra1 45. h6 (45. Nf4 $142) 45... Rh1 46. Ra4 Rh3+ 47. Kd2 Rxh6 48. Rxa7 Rh3 49. c4 $2 (49. Rf7) 49... h5 50. Ng1 Rc3 51. Rf7 Rxc4 52. Nh3 Rh4 53. Rf3 Kg7 54. Kd3 Ra4 55. Ke2 Kg6 56. Nf2 Kg5 57. Nh3+ Kg4 58. Nf2+ Kg5 59. Nh3+ $1 Kg6 60. Nf2 Bd4 {Black is clearly winning.} 61. Ne4 Ra2+ 62. Kf1 d5 63. Nd6 Ra6 64. Nf5 Bf6 65. Kg2 d4 66. Kh3 c4 67. Ng3 Rb6 68. Nf5 Rb3 69. Nxd4 Bxd4 70. Kh4 {Accuracy: White = 41%, Black = 61%.} 0-1

[Event "6th Vardaris Open 2020"]
[Site "Thessaloniki"]
[Date "2020.02.27"]
[Round "1.15"]
[White "Makris, Spyridon-Dionysios"]
[Black "Gavriil, Odysseas-Panagiotis"]
[Result "1-0"]
[WhiteElo "1959"]
[BlackElo "2136"]
[Annotator "TA"]
[PlyCount "71"]
[EventDate "2020.02.27"]
[EventType "swiss"]
[EventCountry "GRE"]
[SourceTitle "playchess.com"]
[Source "ChessBase"]
[SourceQuality "1"]

{[%evp 21,71,9,15,-32,-27,-62,-46,-81,-37,-101,-81,-77,-47,-124,-51,-46,-45,-88,-85,-92,-94,-104,-94,-123,-129,-129,-110,-112,-101,-155,-89,-225,-223,-274,-106,-115,0,0,0,0,0,0,743,740,728,706,880,843,29996,29997,29998,29999]} 1. d4 Nf6 2. c4 g6 3. Nc3 Bg7 4. e4 O-O 5. Nf3 d6 6. Be2 e5 7. d5 a5 8. Bg5 h6 9. Bh4 g5 10. Bg3 Nh5 11. Nd2 Nf4 12. Bxf4 {E92: King's Indian: Classical: 6 Be2 e5: 7 dxe5, 7 Be3 and Petrosian System without 7...Nbd7.} exf4 13. O-O {[#]} Na6 $146 ({Predecessor:} 13... Nd7 14. Rc1 Ne5 15. h3 b6 16. Nf3 Bd7 17. Nd4 Qf6 18. Ncb5 Rac8 19. a3 Qg6 {½-½ (48) Julien,J (1827)-Eden,J (2129) Avoine 2012}) 14. Bg4 {Black is slightly better.} Nc5 15. g3 (15. Bxc8 $15 Qxc8 16. Qc2) 15... Qf6 16. Bxc8 Raxc8 17. Qg4 (17. Nb3 $15) 17... Nd3 (17... Qg6 $17 18. gxf4 gxf4) 18. Qe2 $15 Ne5 19. Nf3 Nxf3+ 20. Qxf3 fxg3 21. fxg3 Qd4+ 22. Kh1 Qxc4 23. h4 Rce8 24. hxg5 hxg5 {Strongly threatening ...Bxc3.} 25. Rae1 {[#]} ({White should play} 25. Rac1) 25... f5 $1 {[%mdl 512]} 26. exf5 (26. Qh5 $17) 26... g4 $19 27. Qd1 {Hoping for Rxe8.} Rxe1 $2 (27... Bxc3 $19 28. bxc3 Rxe1 {[%mdl 64] Overworked Piece} 29. Qxe1 Qxd5+ {[%mdl 64] Double Attack} 30. Kg1 Kf7) 28. Qxe1 $17 {[#]} Bxc3 (28... Be5 $1 $17 29. Qe2 Qxe2 30. Nxe2 Kg7) 29. Qe6+ $11 {[#]} Rf7 $1 30. Rf4 $1 {[%cal Rf4c4]} Qd3 31. bxc3 Qd1+ $2 {[%mdl 8192]} (31... Qxg3 $11 32. Qg6+ {[%mdl 64] Double Attack} Kf8 33. Qh6+ Kg8 34. Qg6+ {[%mdl 64] Double Attack} Rg7 35. Qe8+ Kh7 36. Qh5+ Kg8 37. Qe8+ Kh7 38. Qh5+ Kg8 39. Qe8+) 32. Kg2 $18 Qd2+ 33. Rf2 Qxc3 34. f6 {Intending Qe8+ and mate.} Qd4 35. Qe8+ Rf8 36. Qg6+ {Accuracy: White = 42%, Black = 45%.} 1-0

[Event "6th Vardaris Open 2020"]
[Site "Thessaloniki"]
[Date "2020.02.27"]
[Round "1.16"]
[White "Stamatiou, Rodolfos"]
[Black "Stefanou, Konstantinos"]
[Result "1/2-1/2"]
[WhiteElo "2118"]
[BlackElo "1959"]
[Annotator "TA"]
[PlyCount "76"]
[EventDate "2020.02.27"]
[EventType "swiss"]
[EventCountry "GRE"]
[SourceTitle "playchess.com"]
[Source "ChessBase"]
[SourceQuality "1"]

{[%evp 18,76,25,11,26,0,0,4,5,0,0,0,0,11,4,-21,5,0,7,9,38,5,16,20,18,0,18,12,12,12,8,2,13,0,9,0,0,0,0,-12,-20,-26,-33,-40,-40,-33,0,-12,-9,-8,-15,-22,0,-22,-4,-21,-27,-104,0,0,0]} 1. c4 e6 2. Nf3 d5 3. g3 Nf6 4. Bg2 Be7 5. O-O O-O 6. d4 c6 7. Nc3 b6 8. b3 Bb7 9. Qd3 Nbd7 10. Bb2 Rc8 {E07: Closed Catalan: Main Line (5 Nf3 0-0 6 0-0 Nbd7).} 11. e4 dxe4 12. Nxe4 c5 13. Nxf6+ {[#]} Bxf6 $146 ({Predecessor:} 13... Nxf6 14. Rad1 Qc7 15. dxc5 Qxc5 16. Ne5 Bxg2 17. Kxg2 Rfd8 18. Qf3 Qc7 19. g4 h6 {1-0 (31) Sarana,A (2641)-Varnazov,L (1973) Sochi 2018}) 14. Ng5 {[%mdl 64] [#] Discovered Attack} Bxg5 15. Bxb7 Rc7 16. Bg2 (16. Be4 {with more complications.} f5 17. Bg2 cxd4 18. Bxd4 Nc5 19. Qc3) 16... cxd4 17. Bxd4 Bf6 {[#] White must now prevent ...Nc5.} 18. Rad1 Qe7 19. Rd2 Nc5 20. Bxf6 Qxf6 21. Qf3 (21. Qe3 {keeps more tension.} Rd8 22. Rxd8+ Qxd8 23. b4 Nd7 24. Rc1) 21... Nd7 22. Rfd1 (22. Qe3 {looks sharper.} Qe7 23. Rfd1 Nf6 24. a4 h6 25. Rd6) 22... Qxf3 23. Bxf3 Nf6 24. Kg2 Re8 25. h4 h6 26. g4 Kf8 27. Kg3 g5 28. h5 Ke7 29. Bg2 Rc5 30. f3 Rec8 31. Bf1 R5c7 (31... Ra5 {feels hotter.} 32. a4 Re5 33. Kf2 a5 34. Be2 Rec5) 32. Rd4 Rd7 33. Rxd7+ Nxd7 $11 {KRB-KRN} 34. Bd3 Rd8 35. f4 f6 36. fxg5 fxg5 37. Be4 (37. Re1 $11) 37... Nf6 (37... Ne5 $17 38. Rxd8 Kxd8) 38. Rxd8 Kxd8 {Accuracy: White = 81%, Black = 80%.} 1/2-1/2

[Event "6th Vardaris Open 2020"]
[Site "Thessaloniki"]
[Date "2020.02.27"]
[Round "1.17"]
[White "Tenold, Andreas"]
[Black "Madebrink, Lars"]
[Result "0-1"]
[WhiteElo "1952"]
[BlackElo "2115"]
[Annotator "TA"]
[PlyCount "134"]
[EventDate "2020.02.27"]
[EventType "swiss"]
[EventCountry "GRE"]
[SourceTitle "playchess.com"]
[Source "ChessBase"]
[SourceQuality "1"]

{[%evp 13,133,31,45,17,16,0,-5,-23,-13,-29,0,-22,-4,-24,-34,-26,-16,-16,-8,-14,368,355,369,365,510,486,488,470,456,358,467,385,365,309,292,307,428,321,325,318,322,300,350,334,697,668,900,854,907,277,265,254,461,484,522,472,564,558,788,779,754,707,1955,64,62,81,62,49,165,31,36,12,15,0,39,18,113,21,47,32,54,26,24,19,25,0,12,8,8,3,13,13,33,30,30,-13,43,8,8,12,134,137,124,75,75,54,72,70,208,209,229,46,54,58,72,39,39,22,75,0,0,-29999]} 1. e4 d5 2. exd5 Nf6 3. Nf3 Nxd5 4. d4 g6 5. Be2 Bg7 6. O-O O-O 7. c4 Nb6 8. Be3 {B01: Scandinavian Defence.} Nc6 {[%cal Bb8c6,Bc6e5,Be5g4][%mdl 32]} 9. Qd2 {[#]} Bg4 $146 {Threatening ...Bxf3.} ({Predecessor:} 9... Re8 10. Nc3 e5 11. d5 Ne7 12. Bh6 Bh8 13. Rad1 Nf5 14. b3 Nxh6 15. Qxh6 Bg7 {0-1 (44) Barbaric,M (1406)-Dijkstra,H (1505) Maastricht 2011}) 10. d5 {The position is equal.} Bxf3 $1 11. gxf3 Ne5 12. Na3 {[%cal Bb1a3,Ba3c2,Bc2e3][%mdl 32]} Qd7 13. Bd4 Qf5 14. f4 Ng4 15. Bxg7 Kxg7 16. Nc2 Qh5 $2 {[%mdl 8192]} (16... Kg8 $11 {and Black has nothing to worry.} 17. f3 Nh6) 17. Qc3+ $18 Kg8 {[%csl Gg4][%cal Rh5h2]} 18. h3 f5 19. hxg4 fxg4 20. Qg3 Qf5 21. Ne3 Qe4 22. Qxg4 Rxf4 23. Qe6+ Qxe6 24. dxe6 Raf8 25. Rad1 c5 26. Nd5 Re4 27. Rfe1 Nxd5 28. cxd5 Rf5 $2 (28... Kg7 29. Kg2 Re5) 29. f3 Rg5+ 30. Kf2 Rh4 31. Rd3 $2 (31. d6 exd6 32. Bc4 $1 {[%mdl 512]} Rh2+ 33. Ke3 Re5+ 34. Kf4 $1 {[%mdl 512]}) 31... Rh2+ 32. Ke3 c4 $2 (32... Re5+ {might work better.} 33. Kd2 Kg7) 33. Rd4 b5 34. Kd2 Kg7 {[#]} 35. a4 $1 a6 (35... bxa4 36. f4) 36. axb5 axb5 37. f4 Rg3 38. Re4 $2 (38. d6 $18 exd6 39. e7 Rd3+ 40. Rxd3 cxd3 {[%mdl 64] Pin} 41. e8=Q Rxe2+ 42. Rxe2 dxe2 43. Qe7+ Kg8 44. Kxe2) 38... Rd3+ $1 $14 39. Kc1 Rxd5 40. Rd1 Rc5 (40... Rxd1+ $14 41. Kxd1 h5) 41. Kc2 (41. Rd7 $18 Kf6 42. Rd8) 41... Kf6 42. Kc3 Rh3+ 43. Kc2 Rh2 44. Rd2 Rh3 (44... h5 $11) 45. Red4 (45. Rd8 $16 {Rf8+ is the strong threat.} Kf5 46. Red4) 45... Re3 46. Rd8 h5 47. Rg8 Rxe6 48. Bf3 Re3 49. Bd5 e6 50. Bb7 Rc7 51. Ba6 {White wants to play Rg2.} b4 52. Rg2 b3+ 53. Kd2 Rd3+ 54. Kc1 Ra7 (54... Rd6 $11 55. Rf8+ (55. R2xg6+ $2 Kf5 $19) 55... Kg7) 55. R8xg6+ Kf5 56. Rxe6 $1 Rad7 (56... Kxe6 $11 57. Bxc4+ {[%mdl 64] Double Attack} Rd5 $1 {[%mdl 512]} 58. Bxb3 Raa5) 57. Re1 $16 {Black must now prevent Bc8.} Ra7 58. Bc8+ Kxf4 {[%cal Ra7a1]} 59. Rf1+ Ke3 {[%cal Ra7a1]} 60. Kb1 Rf7 {[#]} (60... c3 $14 61. bxc3 Rxc3) 61. Rc1 $1 $18 Rf4 62. Re1+ $2 (62. Ba6 $18) 62... Kd4 $14 63. Rg5 {Threatens to win with Be6.} c3 64. bxc3+ ({Much weaker is} 64. Rxh5 c2+ 65. Kc1 Rd1+ 66. Rxd1+ cxd1=Q+ 67. Kxd1 Rf2 $14) 64... Kxc3 65. Rxh5 Rd2 (65... Kb4 $11 {remains equal.}) 66. Rb5 ({White should try} 66. Rh3+ $16 Kb4 67. Be6) 66... Rb2+ $11 67. Ka1 $2 {[%mdl 8192]} (67. Kc1 $11) 67... Ra4# {Both players deserved the win here. Accuracy: White = 60%, Black = 41%.} 0-1